Т. 2; История религий

Bibliographic Details
Parent link:История религий: Очерки в 2 т./ И. А. Крывелев; Институт этнографии. Т. 2.— , 1976
Language:Russian
Published: 1976
Subjects:
Format: Book
KOHA link:https://koha.lib.tpu.ru/cgi-bin/koha/opac-detail.pl?biblionumber=18804

MARC

LEADER 00000nam0a2200000 4500
001 18804
005 20231030191427.0
035 |a (RuTPU)RU\TPU\book\18958 
035 |a BOOK00003646 
090 |a 18804 
100 |a 20011209d1976 km y0rusy50 ca 
101 0 |a rus 
102 |a RU 
105 |a a z 000zy 
200 0 |a Т. 2 
210 |d 1976 
215 |a 419 с.  |c ил. 
461 |t История религий  |o Очерки в 2 т.  |v Т. 2  |f И. А. Крывелев  |g Институт этнографии  |d 1976 
610 1 |a религия 
610 1 |a история 
610 1 |a ислам 
610 1 |a христианство 
610 1 |a буддизм 
686 |a Э23  |v LBC/SL-A  |2 rubbk 
801 0 |a RU  |b 63413507  |c 20011209  |g PSBO 
801 2 |a RU  |b 63413507  |c 20160217  |g PSBO 
942 |c BK